Online
Catalog

El libro de Santiago de Cuba : (Record no. 20709)

MARC details
000 -CABECERA
campo de control de longitud fija 01226nam a2200301 i 4500
001 - NÚMERO DE CONTROL
campo de control 000021208
003 - IDENTIFICADOR DEL NÚMERO DE CONTROL
campo de control DO-SdBNP
005 - FECHA Y HORA DE LA ÚLTIMA TRANSACCIÓN
campo de control 20240227073914.0
007 - CAMPO FIJO DE DESCRIPCIÓN FÍSICA--INFORMACIÓN GENERAL
campo de control de longitud fija ta
008 - DATOS DE LONGITUD FIJA--INFORMACIÓN GENERAL
campo de control de longitud fija 100902s1931 cu ac 000 0 spa d
040 ## - FUENTE DE LA CATALOGACIÓN
Centro catalogador/agencia de origen DO-SdBNP
Lengua de catalogación spa
Centro/agencia transcriptor BNPHU
Normas de descripción rda
082 #4 - NÚMERO DE LA CLASIFICACIÓN DECIMAL DEWEY
Número de clasificación 972.91
Número de documento/Ítem H519L
Número de edición 22
100 1# - ENTRADA PRINCIPAL--NOMBRE DE PERSONA
Nombre de persona Henríquez Ureña, Max,
Fechas asociadas al nombre 1885-1968
Término indicativo de función/relación autor
9 (RLIN) 2621
245 13 - MENCIÓN DE TÍTULO
Título El libro de Santiago de Cuba :
Resto del título resumen histórico-descriptivo compuesto /
Mención de responsabilidad, etc. Max Henríquez Ureña.
264 ## - PRODUCCIÓN, PUBLICACIÓN, DISTRIBUCIÓN, FABRICACIÓN Y COPYRIGHT
Producción, publicación, distribución, fabricación y copyright Santiago de Cuba :
Nombre del de productor, editor, distribuidor, fabricante Archipiélago,
Fecha de producción, publicación, distribución, fabricación o copyright 1931.
300 ## - DESCRIPCIÓN FÍSICA
Extensión 80, (30) páginas :
Otras características físicas ilustraciones y retratos ;
Dimensiones 25 cm.
336 ## - TIPO DE CONTENIDO
Fuente rdacontent
Término de tipo de contenido texto
Código de tipo de contenido txt
337 ## - TIPO DE MEDIO
Fuente rdamedia
Nombre/término del tipo de medio sin mediación
Código del tipo de medio n
338 ## - TIPO DE SOPORTE
Fuente rdacarrier
Nombre/término del tipo de soporte volumen
Código del tipo de soporte nc
500 ## - NOTA GENERAL
Nota general Incluye referencias bibliográficas y notas al pie de las páginas
500 ## - NOTA GENERAL
Nota general Primer fascículo
505 0# - NOTA DE CONTENIDO CON FORMATO
Nota de contenido con formato Noticia histórica sobre Santiago de Cuba/
Mención de responsabilidad Max Henríquez Ureña
Título Las fuerzas vivas de Santiago de Cuba/
Mención de responsabilidad Matias Vega y M. Morillo.
590 ## - NOTA LOCAL (RLIN)
Nota local Inventariado, 2018/ YL
651 #4 - PUNTO DE ACCESO ADICIONAL DE MATERIA--NOMBRE GEOGRÁFICO
Nombre geográfico Santiago De Cuba (Cuba{Rpara}
Subdivisión general Historia
9 (RLIN) 44330
651 #4 - PUNTO DE ACCESO ADICIONAL DE MATERIA--NOMBRE GEOGRÁFICO
Nombre geográfico Santiago De Cuba (Cuba{Rpara}
Subdivisión general Descripciones Y Viajes
9 (RLIN) 44331
910 ## - DATOS DE OPCIÓN DEL USUARIO (OCLC)
Datos de opción del usuario Validado. Control de calidad MFF.
942 ## - ELEMENTOS DE PUNTO DE ACCESO ADICIONAL (KOHA)
Fuente del sistema de clasificación o colocación Dewey Decimal Classification
Tipo de ítem Koha Libro
Holdings
Estado de retiro Estado de pérdida Fuente del sistema de clasificación o colocación Restricciones de uso No para préstamo Código de colección Localización permanente Ubicación/localización actual Ubicación en estantería Fecha de adquisición Signatura topográfica completa Código de barras Fecha visto por última vez Precio válido a partir de Tipo de ítem Koha Total de préstamos Número de copia
    Dewey Decimal Classification Excluido de préstamo   Patrimonio Dominicano Raros y Valiosos Biblioteca Nacional Pedro Henríquez Ureña Biblioteca Nacional Pedro Henríquez Ureña Depósito 02.09.2010 BNPHU PD-RV 972.91 H519L 21208-10 25.06.2020 25.06.2020 Libro    
    Dewey Decimal Classification Excluido de préstamo   Patrimonio Dominicano Raros y Valiosos Biblioteca Nacional Pedro Henríquez Ureña Biblioteca Nacional Pedro Henríquez Ureña Depósito 13.02.2024 BNPHU PD-RV 972.91 H519L 2024-1064 13.02.2024 13.02.2024 Libro   e.2

Powered by Koha